Education and emergent man ; a theory of education with particular application to public education in the United States /

Bibliographic Details
Main Author: Bagley, William C. (William Chandler), 1874-1946
Format: Book
Language:English
Published: New York : T. Nelson and sons, 1934.
Series:Nelson education series.
Subjects:

MARC

Tag First Indicator Second Indicator Subfields
LEADER 00000cam a2200000 4500
001 in00000068263
005 20151008051945.0
008 760708s1934 nyu b 00110 eng
010 |a  34019685  
035 |a (OCoLC)02303469 
035 |9 AAH0934AM 
040 |a DLC  |c VVT  |d TXA  |d UtOrBLW 
049 |a TXAM  |c [59806] 
050 0 |a LB875  |b .B13 
082 0 |a 370.1 
092 |a 370.1  |b B146edu 
100 1 |a Bagley, William C.  |q (William Chandler),  |d 1874-1946. 
245 1 0 |a Education and emergent man ;  |b a theory of education with particular application to public education in the United States /  |c by William C. Bagley. 
264 1 |a New York :  |b T. Nelson and sons,  |c 1934. 
300 |a xiv, 238 pages ;  |c 19 1/2 cm. 
336 |a text  |b txt  |2 rdacontent 
337 |a unmediated  |b n  |2 rdamedia 
338 |a volume  |b nc  |2 rdacarrier 
490 1 |a Nelson education series 
504 |a "Suggestions for reading" at end of each chapter. 
650 0 |a Education  |x History. 
650 0 |a Evolution. 
650 0 |a Sociology. 
650 0 |a Education  |x Aims and objectives. 
740 0 |a Emergent man, Education and. 
830 0 |a Nelson education series. 
999 |a MARS 
999 f f |s dca57ebb-06d1-38f8-9470-0818175ddbab  |i fccaba7d-b354-3bb3-94e9-8b7b01cbfc9f  |t 0 
952 f f |p normal  |a Texas A&M University  |b College Station  |c Sterling C. Evans Library  |d Evans: Library Stacks  |t 0  |e LB875 .B13  |h Library of Congress classification  |i unmediated -- volume  |m A14800817658 
998 f f |a LB875 .B13  |t 0  |l Evans: Library Stacks